| 000 | 00649nam a22001937a 4500 | ||
|---|---|---|---|
| 005 | 20251108164930.0 | ||
| 008 | 250721s1963 xx 000 0 ara d | ||
| 082 | 1 | 4 | _a964/إشف |
| 100 | 1 | _aاشفورد، دوجلاس اي | |
| 245 | 1 | 0 | _aالتطورات السياسية في المملكة المغربية / |
| 264 | 1 |
_aبيروت : _bدار الثقافة، _c1963. |
|
| 300 | _a666ص | ||
| 650 | 1 | 7 | _aتاريخ المغرب |
| 650 | 1 | 7 | _aالتاريخ السياسي |
| 700 | 1 |
_aعارف، عائدة سليمان _eترجمة |
|
| 700 | 1 |
_aأبو حاكمه، أحمد مصطفى _eترجمة |
|
| 942 |
_2ddc _cBK |
||
| 999 |
_c17771 _d17771 |
||